000 00268nam a2200121 a 4500
008 101025s1977|||| d
245 1 0 _aČipkárna
100 1 _aLainé, Pascal
044 _axo
_cSK
041 _aslo
260 _bSmena
_aBratislava
_c1977
020 _c18
999 _c12138
_d12138